'V' Celebrity Images Quiz Stats

 Plays Quiz Updated Dec 14, 2018

Support Sporcle.
Go Orange.
Score 0/20 Timer 05:00
1 Play Today
% Correct
Vince Vaughn
91.2%
Jon Voight
66.2%
Dick Van Dyke
61.8%
Michael Vick
59%
Sofía Vergara
57.3%
James Van Der Beek
56.3%
Eddie Van Halen
48.8%
Meredith Vieira
46%
Bob Vila
44.8%
Abe Vigoda
40.2%
% Correct
Eddie Vedder
36.6%
Dick Vitale
34.2%
Wilmer Valderrama
33.2%
Jim Varney
27.4%
Ben Vereen
25.7%
Kurt Vonnegut
20.7%
Nia Vardalos
16.4%
Lark Voorhies
16%
Courtney B. Vance
13%
Emily Vancamp
12.7%

You're not logged in!

Compare scores with friends on all Sporcle quizzes.
OR
Log In
Forgot?

From the Vault

Find the Countries of Asia in Their Official Language

by teedslaststand

What do you call someone who speaks fifty languages? Quinquagintilingual, or genius?
Remove Ads.
Support Sporcle.
Get the best of Sporcle when you Go Orange. This ad-free experience offers more features, more stats, and more fun while also helping to support Sporcle. Thank you for becoming a member.

Show Comments

Extras

Top Quizzes Today


Score Distribution

Your Account Isn't Verified!

In order to create a playlist on Sporcle, you need to verify the email address you used during registration. Go to your Sporcle Settings to finish the process.

Report this User

Report this user for behavior that violates our Community Guidelines.

Details: